THE LOST QUEEN : (Record no. 204124)
[ view plain ]
| 000 -LEADER | |
|---|---|
| fixed length control field | 01074nam a2200277 i 4500 |
| 003 - CONTROL NUMBER IDENTIFIER | |
| control field | OSt |
| 005 - DATE AND TIME OF LATEST TRANSACTION | |
| control field | 20260507111659.0 |
| 008 - FIXED-LENGTH DATA ELEMENTS--GENERAL INFORMATION | |
| fixed length control field | 260507s2025 nyu crb||| 000 f eng d |
| 020 ## - INTERNATIONAL STANDARD BOOK NUMBER | |
| International Standard Book Number | 9798217110834 |
| Terms of availability | RM 73.95 |
| Qualifying information | paperback |
| 040 ## - CATALOGING SOURCE | |
| Original cataloging agency | PPAK |
| Language of cataloging | eng |
| Transcribing agency | PPAK |
| Description conventions | rda |
| 082 04 - DEWEY DECIMAL CLASSIFICATION NUMBER | |
| Edition number | 23 |
| Classification number | 813.6 |
| 090 00 - LOCALLY ASSIGNED LC-TYPE CALL NUMBER (OCLC); LOCAL CALL NUMBER (RLIN) | |
| Classification number (OCLC) (R) ; Classification number, CALL (RLIN) (NR) | 813.6 |
| Feature heading | PHA |
| Feature heading | K |
| 100 1# - MAIN ENTRY--PERSONAL NAME | |
| Personal name | Phan, Aimee, |
| Relator term | author. |
| 245 10 - TITLE STATEMENT | |
| Title | THE LOST QUEEN : |
| Remainder of title | BOOK ONE / |
| Statement of responsibility, etc. | AIMEE PHAN |
| 264 #1 - PRODUCTION, PUBLICATION, DISTRIBUTION, MANUFACTURE, AND COPYRIGHT NOTICE | |
| Place of production, publication, distribution, manufacture | New York : |
| Name of producer, publisher, distributor, manufacturer | G.P. PUTNAM'S SONS, |
| Date of production, publication, distribution, manufacture, or copyright notice | 2025 |
| 300 ## - PHYSICAL DESCRIPTION | |
| Extent | 356 pages ; |
| Dimensions | 21 cm |
| 336 ## - CONTENT TYPE | |
| Content type term | text |
| Source | rdacontent |
| 337 ## - MEDIA TYPE | |
| Media type term | unmediated |
| Source | rdamedia |
| 338 ## - CARRIER TYPE | |
| Carrier type term | volume |
| Source | rdacarrier |
| 520 ## - SUMMARY, ETC. | |
| Summary, etc. | "Fifteen-year-old Jolie Lam's ordinary life in San Jose is upended when she learns of her connection to queens and goddesses of ancient Vietnam and now must master new powers before old enemies return to wage war"-- |
| Assigning source | Provided by publisher. |
| 650 10 - SUBJECT ADDED ENTRY--TOPICAL TERM | |
| Topical term or geographic name entry element | Ability |
| Form subdivision | Juvenile fiction |
| Topical term or geographic name entry element | Magic |
| Form subdivision | Juvenile fiction |
| Topical term or geographic name entry element | Queens |
| Form subdivision | Juvenile fiction |
| 651 #0 - SUBJECT ADDED ENTRY--GEOGRAPHIC NAME | |
| Geographic name | Vietnamese Americans |
| Form subdivision | Juvenile fiction |
| 942 ## - ADDED ENTRY ELEMENTS (KOHA) | |
| Source of classification or shelving scheme | Dewey Decimal Classification |
| Koha item type | Book |
| Withdrawn | Not for loan | Current library | Shelving location | Date acquired | Total Checkouts | Full call number | Barcode | Date last seen | Koha item type |
|---|---|---|---|---|---|---|---|---|---|
| Perpustakaan Alor Setar | Pinjaman Kanak-kanak | 12/05/2026 | K 813.6 PHA | A01916367 | 12/05/2026 | Book | |||
| Perpustakaan Awam Sungai Petani | Pinjaman Kanak-kanak | 12/05/2026 | K 813.6 PHA | A01916368 | 12/05/2026 | Book | |||
| Perpustakaan Baling | Pinjaman Kanak-kanak | 12/05/2026 | K 813.6 PHA | A01916372 | 12/05/2026 | Book | |||
| Perpustakaan Bandar Baharu | Pinjaman Kanak-kanak | 12/05/2026 | K 813.6 PHA | A01916373 | 12/05/2026 | Book | |||
| Perpustakaan Jitra | Pinjaman Kanak-kanak | 12/05/2026 | K 813.6 PHA | A01916369 | 12/05/2026 | Book | |||
| Perpustakaan Kulim | Pinjaman Kanak-kanak | 12/05/2026 | K 813.6 PHA | A01916371 | 12/05/2026 | Book | |||
| Perpustakaan Langkawi | Pinjaman Kanak-kanak | 12/05/2026 | K 813.6 PHA | A01916370 | 12/05/2026 | Book |